000 00807nam a2200241 a 4500
001 BRCA_39
005 20190320202845.0
008 940225s1995 enka---##b---#001-0#eng-#
020 _a0415105595
040 _aDLC
_cDLC
_dDLC
050 4 _aAM5
_b.C66 1995
100 1 _aCassar, May
_d1955-
_9176
245 1 0 _aEnvironmental Management
_bGuidelines for Museums and Galleries
_cMay Cassar.
260 _aLondres ; Nueva York
_bThe Conservation Unit of the Museums & Galleries Commission : Routledge
_c1995
300 _axiii, 165 p.
_bil.
_c26 cm.
440 0 _aPatrimonio
_9177
500 _aIncluye glosario
504 _aBibliografía: p. 149-153
650 1 4 _aMuseos
_xAdministración
_9178
650 1 4 _aMuseografía
_xManuales
_9179
650 1 4 _aMuseos
_xConservación y restauración
_9180
942 _2lcc
_cB
999 _c39
_d39